Statistics for Освајачи УЕФА Лиге шампиона

Click here to take the quiz!

General Stats

  • This quiz has been taken 2 745 times
    (1 170 since last reset)
  • The average score is 57 of 68

Answer Stats

ГодинаОсвајач% Correct
1956Реал Мадрид
99%
2014Реал Мадрид
99%
1998Реал Мадрид
99%
2022Реал Мадрид
99%
1966Реал Мадрид
99%
2002Реал Мадрид
99%
1960Реал Мадрид
99%
2016Реал Мадрид
99%
2017Реал Мадрид
99%
2018Реал Мадрид
99%
1959Реал Мадрид
99%
1958Реал Мадрид
99%
1957Реал Мадрид
99%
2000Реал Мадрид
99%
2015Барселона
94%
2011Барселона
94%
2009Барселона
94%
1992Барселона
94%
2006Барселона
94%
1991Црвена звезда
93%
2023Манчестер Сити
93%
2003Милан
92%
1994Милан
92%
1963Милан
92%
1969Милан
92%
1990Милан
92%
2007Милан
92%
1989Милан
92%
1975Бајерн Минхен
91%
1974Бајерн Минхен
91%
2020Бајерн Минхен
91%
1976Бајерн Минхен
91%
2013Бајерн Минхен
91%
2001Бајерн Минхен
91%
1965Интер
90%
2005Ливерпул
90%
2010Интер
90%
2019Ливерпул
90%
1977Ливерпул
90%
1978Ливерпул
90%
1984Ливерпул
90%
1964Интер
90%
1981Ливерпул
90%
1968Манчестер јунајтед
88%
1999Манчестер јунајтед
88%
2008Манчестер јунајтед
88%
2021Челси
87%
2012Челси
87%
1985Јувентус
82%
1996Јувентус
82%
1987Порто
73%
2004Порто
73%
1995Ајакс
69%
1971Ајакс
69%
1972Ајакс
69%
1973Ајакс
69%
1993Олимпик Марсељ
63%
1980Нотингем форест
62%
1979Нотингем форест
62%
1997Борусија Дортмунд
61%
1962Бенфика
60%
1961Бенфика
60%
1988ПСВ Ајндховен
49%
1982Астон Вила
47%
1983Хамбург
45%
1986Стеауа Букурешт
44%
1967Селтик
40%
1970Фејнорд
39%

Score Distribution

Percentile by Number Answered

Percent of People with Each Score

Your Score History

You have not taken this quiz since the last reset